| 000 | 00819nam a22002297a 4500 | ||
|---|---|---|---|
| 999 |
_c18935 _d18935 |
||
| 003 | AR-CdUCM | ||
| 008 | 190515b ||||| |||| 00| 0 spa d | ||
| 040 |
_aMUNICIPALIDAD PROVINCIAL DEL CUSCO _cBIBLIOTECA MUNICIPAL DEL CUSCO |
||
| 082 |
_a303.37 / _bV33 |
||
| 100 |
_aVasconcelo, José Ignacio _939862 |
||
| 245 | _aOccidente americano / | ||
| 260 |
_aMexico : _c1976. |
||
| 300 |
_a421 paginas ; _c22 cm. |
||
| 505 | _aContenido : Los valores indígenas y su remanente amorfo -- El ámbito cultural americano -- Trasfondo histórico --Logros americanos... | ||
| 650 |
_aNeolítico europeo _939863 |
||
| 650 |
_aCambios sociales _94340 |
||
| 650 |
_aProcesos sociales _93942 |
||
| 650 |
_aÁmbito americano _939864 |
||
| 650 |
_aEscenario americano _939865 |
||
| 942 |
_2ddc _cLIBROS |
||
| 945 |
_awnts _d2019-05-15 |
||